000 00344nam a22001457a 4500
008 210312b ||||| |||| 00| 0 eng d
020 _a9780804726795
041 _aeng
080 _a070
082 _a070
100 _a40
101 _aMED
245 _aThe Media and Modernity-Asocial Therory of the Media
_cThompson,B.J
942 _2udc
_cBK
999 _c56558
_d56558